|
|
|
|
| LEADER |
01329nam a2200349 a 4500 |
| 001 |
000532134 |
| 003 |
CZ BrMZK |
| 005 |
20080924120722.0 |
| 007 |
ta |
| 008 |
000115s2000 xr e p cze d |
| 015 |
|
|
|a cnb000975644
|
| 020 |
|
|
|a 80-213-0636-X
|
| 035 |
|
|
|a (OCoLC)85005428
|
| 040 |
|
|
|a BOA001
|b cze
|
| 072 |
|
7 |
|a 621
|x Strojírenství
|2 Konspekt
|9 19
|
| 072 |
|
7 |
|a 37.016
|x Učební osnovy. Vyučovací předměty. Učebnice
|2 Konspekt
|9 22
|
| 080 |
|
|
|a 621.7/.9
|2 MRF
|
| 080 |
|
|
|a (075.8)
|2 MRF
|
| 080 |
|
|
|a (076.5)
|2 MRF
|
| 100 |
1 |
|
|a Brožek, Milan,
|d 1957-
|7 jn20001227449
|4 aut
|
| 245 |
1 |
0 |
|a Strojírenská technologie II :
|b (návody na cvičení) /
|c Milan Brožek
|
| 250 |
|
|
|a 1. vyd.
|
| 260 |
|
|
|a Praha :
|b Česká zemědělská univerzita,
|c 2000
|
| 300 |
|
|
|a 143 s. :
|b il. ;
|c 21 cm
|
| 500 |
|
|
|a Určeno pro posl. fak. techn. ČZU v Praze. - Bibliogr.
|
| 650 |
0 |
7 |
|a strojírenské technologie
|7 ph184908
|2 czenas
|
| 655 |
|
7 |
|a učebnice vysokých škol
|7 fd133772
|2 czenas
|
| 655 |
|
7 |
|a laboratorní cvičení
|7 fd163936
|2 czenas
|
| 710 |
2 |
|
|a Česká zemědělská univerzita v Praze.
|b Katedra materiálu a strojírenské technologie
|7 kn20020321514
|
| 910 |
|
|
|a BOA001
|b 2-1076.946
|
| 990 |
|
|
|a BK
|
| 996 |
6 |
|
|b 2610121141
|c 2-1076.946
|l MZK
|r Sklad / do 1 hodiny
|n 1
|p p.v.
|w 000532134
|u 000010
|a 1
|e BOA001
|j MZK50
|s P
|